Memoria Anual 2011 (Record no. 9329)

MARC details
000 -LEADER
campo de control de longitud fija 00371nam a2200133Ia 4500
001 - NÚMERO DE CONTROL
campo de control 2285
008 - DATOS DE LONGITUD FIJA--INFORMACIÓN GENERAL
campo de control de longitud fija 241024s9999 xx 000 0 und d
082 ## - NÚMERO DE LA CLASIFICACIÓN DECIMAL DEWEY
Número de clasificación RD/368.4/C755m/2011
100 ## - ENTRADA PRINCIPAL--NOMBRE DE PERSONA
Nombre de persona República Dominicana. Consejo Nacional de Seguridad Social (CNSS)
245 #0 - MENCIÓN DEL TÍTULO
Título Memoria Anual 2011
260 ## - PUBLICACIÓN, DISTRIBUCIÓN, ETC.
Nombre del editor, distribuidor, etc. Ed. Corripio
Fecha de publicación, distribución, etc. 2012
901 ## - ELEMENTOS DE DATOS A LOCAL LDA (RLIN)
a 20/6/2012 2:48:24 p.m.

No items available.

© 2024. Todos los Derechos Reservados. Desarrollado por IDEICE